[Event "Figueira 2023"]
[Site "?"]
[Date "2023.11.08"]
[Round "5.16"]
[White "Romanishin, Oleg M"]
[Black "Anustoop, Biswas"]
[Result "1-0"]
[BlackElo "2256"]
[WhiteElo "2389"]
[LiveChessVersion "1.4.8"]

1. Nf3 {[%clk 1:30:57]} Nf6 {[%clk 1:26:25]} 2. c4 {[%clk 1:28:38]} e6
{[%clk 1:26:24]} 3. g3 {[%clk 1:28:52]} d5 {[%clk 1:26:52]} 4. d4
{[%clk 1:28:58]} Bb4+ {[%clk 1:23:18]} 5. Bd2 {[%clk 1:26:16]} Be7
{[%clk 1:23:46]} 6. Bg2 {[%clk 1:26:27]} O-O {[%clk 1:24:13]} 7. O-O
{[%clk 1:26:43]} Nbd7 {[%clk 1:24:26]} 8. Qb3 {[%clk 1:25:27]} c6
{[%clk 1:23:57]} 9. Bb4 {[%clk 1:19:36]} c5 {[%clk 1:06:30]} 10. dxc5
{[%clk 1:17:55]} Nxc5 {[%clk 1:04:27]} 11. Bxc5 {[%clk 1:06:14]} Bxc5
{[%clk 1:03:51]} 12. Nc3 {[%clk 1:05:53]} dxc4 {[%clk 0:56:33]} 13. Qxc4
{[%clk 1:06:07]} Qc7 {[%clk 0:56:58]} 14. e3 {[%clk 0:53:29]} Bd7
{[%clk 0:55:47]} 15. Na4 {[%clk 0:43:56]} Bxa4 {[%clk 0:53:39]} 16. Qxa4
{[%clk 0:44:19]} Nd5 {[%clk 0:48:25]} 17. Qb3 {[%clk 0:35:58]} Rfd8
{[%clk 0:44:38]} 18. Rad1 {[%clk 0:33:31]} Rab8 {[%clk 0:39:08]} 19. Nd4
{[%clk 0:32:15]} b5 {[%clk 0:37:50]} 20. Bxd5 {[%clk 0:25:39]} exd5
{[%clk 0:30:11]} 21. Rd2 {[%clk 0:25:57]} Rb6 {[%clk 0:27:34]} 22. Rc1
{[%clk 0:23:15]} Rc8 {[%clk 0:10:10]} 23. Rdc2 {[%clk 0:22:20]} Qe7
{[%clk 0:09:27]} 24. Qxd5 {[%clk 0:21:00]} Qd8 1-0

[Event "Figueira 2023"]
[Site "?"]
[Date "2023.11.08"]
[Round "5.17"]
[White "Goncalves, Lucas Jordao"]
[Black "Davtyan, David Arm."]
[Result "0-1"]
[BlackElo "2362"]
[WhiteElo "2018"]
[LiveChessVersion "1.4.8"]

1. e4 {[%clk 1:30:53]} c5 {[%clk 1:27:50]} 2. Nf3 {[%clk 1:30:54]} e6
{[%clk 1:27:14]} 3. d4 {[%clk 1:30:52]} cxd4 {[%clk 1:27:38]} 4. Nxd4
{[%clk 1:31:15]} Nf6 {[%clk 1:28:02]} 5. Nc3 {[%clk 1:31:32]} Nc6
{[%clk 1:28:25]} 6. Bg5 {[%clk 1:30:05]} Bb4 {[%clk 1:27:05]} 7. Nxc6
{[%clk 1:22:08]} bxc6 {[%clk 1:27:12]} 8. Bd3 {[%clk 1:21:21]} h6
{[%clk 1:12:35]} 9. Bd2 {[%clk 1:21:09]} e5 {[%clk 1:05:52]} 10. O-O
{[%clk 1:18:50]} Bc5 {[%clk 0:53:51]} 11. Kh1 {[%clk 1:07:53]} d5
{[%clk 0:39:03]} 12. f4 {[%clk 0:49:53]} Ng4 {[%clk 0:23:09]} 13. Qe1
{[%clk 0:48:42]} d4 {[%clk 0:19:30]} 14. Nd1 {[%clk 0:39:32]} Bd6
{[%clk 0:18:56]} 15. b3 {[%clk 0:20:25]} Qc7 {[%clk 0:17:49]} 16. h3
{[%clk 0:17:33]} Nf6 {[%clk 0:18:15]} 17. Nb2 {[%clk 0:11:30]} Nh5
{[%clk 0:16:20]} 18. Nc4 {[%clk 0:10:19]} Be6 {[%clk 0:13:53]} 19. Nxd6+
{[%clk 0:05:26]} Qxd6 {[%clk 0:14:21]} 20. f5 {[%clk 0:05:12]} Bd7
{[%clk 0:14:42]} 21. Rf3 {[%clk 0:04:55]} c5 {[%clk 0:13:49]} 22. Qh4
{[%clk 0:03:45]} Nf6 {[%clk 0:14:12]} 23. Bg5 {[%clk 0:02:27]} Rg8
{[%clk 0:13:09]} 24. Bxf6 {[%clk 0:02:34]} Qxf6 {[%clk 0:13:33]} 25. Qxf6
{[%clk 0:02:41]} gxf6 {[%clk 0:14:01]} 26. a4 {[%clk 0:01:44]} a5
{[%clk 0:14:20]} 27. Kg1 {[%clk 0:02:04]} Rb8 {[%clk 0:14:16]} 28. Kf2
{[%clk 0:02:20]} Ke7 {[%clk 0:14:05]} 29. Rg1 {[%clk 0:01:48]} Bc6
{[%clk 0:14:24]} 30. Re1 {[%clk 0:02:05]} Rb4 {[%clk 0:13:19]} 31. Rg3
{[%clk 0:02:04]} Rxg3 {[%clk 0:07:32]} 32. Kxg3 {[%clk 0:02:29]} Rb6
{[%clk 0:07:26]} 33. Kf3 {[%clk 0:02:17]} Bb7 {[%clk 0:07:28]} 34. Ke2
{[%clk 0:01:12]} c4 {[%clk 0:06:48]} 35. bxc4 {[%clk 0:00:46]} Kd6
{[%clk 0:07:08]} 0-1

[Event "Figueira 2023"]
[Site "?"]
[Date "2023.11.08"]
[Round "5.18"]
[White "Pablo Mari, Alejandro"]
[Black "Chitlange, Sakshi"]
[Result "0-1"]
[BlackElo "2224"]
[WhiteElo "2347"]
[LiveChessVersion "1.4.8"]

1. d4 Nf6 2. Bf4 d5 3. e3 c5 4. c3 cxd4 5. exd4 Nc6 6. h3 g6 7. Nf3 Bg7 8. Nbd2
Bf5 9. Qb3 Na5 10. Qa4+ Bd7 11. Qc2 O-O 12. Bd3 Nc6 13. O-O Nh5 14. Bh2 Bh6 15.
Qb3 Bc8 16. Rfe1 Nf4 17. Bf1 Re8 18. a4 Kh8 19. Rad1 f6 20. c4 Na5 21. Qa3 e6 22.
c5 Bd7 23. b4 Nc6 24. b5 Na5 25. Qc3 g5 26. Kh1 Rg8 27. Ng1 Bg7 28. Ndf3 Bh6 29.
Ne2 Nxe2 30. Bxe2 Bg7 31. Bd3 Bf8 32. Nd2 Rc8 33. Bb1 Rg7 34. Qd3 Ra8 35. f4 gxf4
36. Bxf4 a6 37. Re3 axb5 38. Rg3 Rf7 39. axb5 Qe8 40. b6 Nc6 41. Be3 Ra4 42. Nf3
Qb8 43. Bf2 Bh6 44. Nh4 Bg5 45. Qf3 Rg7 46. Qc3 Rf7 47. Rgd3 Nb4 48. Rf3 Qf8 49.
Qe1 Qh6 50. Rb3 Nc6 51. Nf3 Bf4 52. Be3 Bxe3 53. Qxe3 Qxe3 54. Rxe3 Rf8 55. Bc2
Ra2 56. Bd3 Ra3 57. Ree1 Nb4 58. Bf1 Nc2 59. Re2 Ne3 60. Rde1 Nxf1 61. Rxf1 Bb5
62. Rfe1 Bxe2 63. Rxe2 Re8 64. Nh4 Raa8 65. Nf3 Kg7 66. Ne1 Ra3 67. Kh2 e5 68.
Nf3 e4 69. Nh4 Kf7 70. Nf5 Rb8 71. Nd6+ Ke7 72. Nb5 Rd3 73. Ra2 Kd7 74. Rf2 e3
75. Re2 Rg8 76. g3 Rd2 77. Nc3 Ra8 0-1

[Event "Figueira 2023"]
[Site "?"]
[Date "2023.11.08"]
[Round "5.19"]
[White "Kistrup, Nicolai"]
[Black "Santos, Antonio P"]
[Result "1-0"]
[BlackElo "2195"]
[WhiteElo "2330"]
[LiveChessVersion "1.4.8"]

1. d4 d5 2. c4 c6 3. Nf3 Nf6 4. e3 g6 5. Nc3 Bg7 6. Be2 O-O 7. O-O dxc4 8. Bxc4
Nd5 9. h3 Be6 10. Be2 Nb6 11. e4 Bc4 12. Bxc4 Nxc4 13. Qe2 Nb6 14. Rd1 Na6 15. a4
Nd7 16. e5 Nc7 17. h4 h5 18. Ng5 f6 19. Qc4+ Kh8 20. Nf7+ Rxf7 21. Qxf7 Qe8 22.
Qxe8+ Rxe8 23. exf6 Bxf6 24. Bf4 Ne6 25. Be3 Nb6 26. d5 Bxc3 27. Bxb6 axb6 28.
bxc3 Nf4 29. dxc6 bxc6 30. Rdb1 Rb8 31. a5 b5 32. c4 b4 33. a6 c5 34. a7 Ra8 35.
Re1 e6 36. g3 Nd3 37. Rxe6 Kg7 38. Rb6 1-0

[Event "Figueira 2023"]
[Site "?"]
[Date "2023.11.08"]
[Round "5.20"]
[White "Sousa, Andre Ventura"]
[Black "Morais, Miguel Almeida"]
[Result "1-0"]
[BlackElo "1986"]
[WhiteElo "2441"]
[LiveChessVersion "1.4.8"]

1. e4 c6 2. d4 d5 3. e5 Bf5 4. Nf3 e6 5. Be2 c5 6. c3 Nc6 7. O-O cxd4 8. Nxd4
Nge7 9. Bb5 a6 10. Bxc6+ bxc6 11. b4 Qc7 12. Re1 h6 13. Nd2 g5 14. N2b3 Bg7 15.
Qe2 O-O 16. a4 Bh7 17. g3 Nf5 18. a5 Nxd4 19. cxd4 Rfb8 20. Nc5 Rb5 21. Bd2 Bf8
22. h4 Be7 23. Qh5 Qd8 24. Qxh6 Qf8 25. Qxf8+ Kxf8 26. hxg5 Kg7 27. Kg2 Bxc5 28.
dxc5 Rh8 29. g4 Rbb8 30. Kg3 Bg6 31. Rh1 Rxh1 32. Rxh1 Bd3 33. Rd1 Bc2 34. Rc1
Bd3 35. Rc3 Bg6 36. Rf3 Rh8 37. Rf6 Bd3 38. f4 Be4 39. g6 1-0

[Event "Figueira 2023"]
[Site "?"]
[Date "2023.11.08"]
[Round "5.21"]
[White "Walter, Szymon"]
[Black "Julio, Joao Manuel Dos Santos"]
[Result "1-0"]
[BlackElo "1973"]
[WhiteElo "2328"]
[LiveChessVersion "1.4.8"]

1. e4 {[%clk 1:27:31]} c5 {[%clk 1:25:16]} 2. Nc3 {[%clk 1:27:43]} e6
{[%clk 1:25:20]} 3. Nge2 {[%clk 1:26:27]} Nc6 {[%clk 1:25:38]} 4. d4
{[%clk 1:26:15]} cxd4 {[%clk 1:26:05]} 5. Nxd4 {[%clk 1:26:40]} Bc5
{[%clk 1:24:55]} 6. Be3 {[%clk 1:24:02]} Qb6 {[%clk 1:23:14]} 7. Na4
{[%clk 1:20:53]} Qa5+ {[%clk 1:23:35]} 8. c3 {[%clk 1:21:03]} Bxd4
{[%clk 1:23:11]} 9. Bxd4 {[%clk 1:21:26]} Nxd4 {[%clk 1:23:38]} 10. Qxd4
{[%clk 1:21:01]} Nf6 {[%clk 1:24:04]} 11. e5 {[%clk 1:13:51]} Nd5
{[%clk 1:24:01]} 12. Nc5 {[%clk 1:08:09]} O-O {[%clk 1:23:04]} 13. Bd3
{[%clk 1:07:24]} f5 {[%clk 1:23:13]} 14. Bc4 {[%clk 0:48:45]} b6 {[%clk 1:15:53]}
15. Nb3 {[%clk 0:48:47]} Qa4 {[%clk 1:16:15]} 16. Bxd5 {[%clk 0:48:42]} Qxd4
{[%clk 1:16:42]} 17. Bxe6+ {[%clk 0:48:40]} dxe6 {[%clk 1:17:11]} 18. Nxd4
{[%clk 0:49:03]} Bb7 {[%clk 1:16:37]} 19. f3 {[%clk 0:49:17]} a6 {[%clk 1:16:17]}
20. Nxe6 {[%clk 0:38:29]} Rfe8 {[%clk 1:16:14]} 21. Nd4 {[%clk 0:38:55]} Rxe5+
{[%clk 1:16:34]} 22. Kf2 {[%clk 0:39:20]} Rae8 {[%clk 1:16:36]} 23. Rhe1
{[%clk 0:39:30]} Kf7 {[%clk 1:16:27]} 24. Rxe5 {[%clk 0:37:42]} Rxe5
{[%clk 1:16:55]} 25. Rd1 {[%clk 0:37:43]} g6 {[%clk 1:17:00]} 26. Rd2
{[%clk 0:35:46]} Ke7 {[%clk 1:16:47]} 27. f4 {[%clk 0:30:27]} Re4
{[%clk 1:15:41]} 28. g3 {[%clk 0:30:45]} h6 {[%clk 1:06:56]} 29. Nf3
{[%clk 0:27:56]} Re6 {[%clk 1:05:07]} 30. Ne5 {[%clk 0:27:41]} Bc6
{[%clk 1:05:31]} 31. c4 {[%clk 0:24:41]} Be8 {[%clk 1:05:17]} 32. Rd3
{[%clk 0:24:30]} Rd6 {[%clk 1:05:26]} 33. Ke3 {[%clk 0:24:07]} Rxd3+
{[%clk 1:05:15]} 34. Kxd3 {[%clk 0:24:31]} a5 {[%clk 1:04:56]} 35. Kd4
{[%clk 0:23:17]} Kd6 {[%clk 1:05:13]} 36. b3 {[%clk 0:23:09]} g5 {[%clk 1:04:10]}
37. a3 {[%clk 0:22:44]} Bh5 {[%clk 1:04:06]} 38. b4 {[%clk 0:22:32]} axb4
{[%clk 1:04:33]} 39. axb4 {[%clk 0:22:58]} Be8 {[%clk 1:04:24]} 40. c5+
{[%clk 0:50:00]} bxc5+ {[%clk 1:34:52]} 41. bxc5+ {[%clk 0:50:25]} Ke6
{[%clk 1:35:08]} 42. c6 {[%clk 0:49:15]} Kd6 {[%clk 1:35:17]} 43. Nc4+
{[%clk 0:49:25]} Kxc6 {[%clk 1:33:29]} 44. Ke5 {[%clk 0:48:13]} gxf4
{[%clk 1:33:50]} 45. gxf4 {[%clk 0:48:39]} h5 {[%clk 1:29:53]} 46. Nd6
{[%clk 0:46:37]} Bd7 {[%clk 1:29:43]} 47. Nxf5 {[%clk 0:46:28]} Kc5
{[%clk 1:29:25]} 48. Ng7 {[%clk 0:45:34]} h4 {[%clk 1:28:54]} 49. f5
{[%clk 0:45:46]} Bb5 {[%clk 1:25:08]} 50. f6 {[%clk 0:46:04]} Kd5+ 51. Ke4+ 1-0

[Event "Figueira 2023"]
[Site "?"]
[Date "2023.11.08"]
[Round "5.22"]
[White "Maisuradze, Nino"]
[Black "Silva, Mariana Sofia T."]
[Result "1-0"]
[BlackElo "1943"]
[WhiteElo "2253"]
[LiveChessVersion "1.4.8"]

1. Nf3 {[%clk 1:30:57]} d5 {[%clk 1:18:09]} 2. b3 {[%clk 1:30:10]} c5
{[%clk 1:18:19]} 3. Bb2 {[%clk 1:30:28]} Nf6 {[%clk 1:15:06]} 4. e3
{[%clk 1:30:51]} g6 {[%clk 1:15:30]} 5. c4 {[%clk 1:30:12]} dxc4 {[%clk 1:15:14]}
6. bxc4 {[%clk 1:28:04]} Bg7 {[%clk 1:14:30]} 7. Be2 {[%clk 1:27:07]} O-O
{[%clk 1:14:25]} 8. O-O {[%clk 1:26:59]} Nc6 {[%clk 1:13:05]} 9. Nc3
{[%clk 1:20:37]} b6 {[%clk 1:09:16]} 10. d4 {[%clk 1:13:02]} cxd4
{[%clk 1:07:33]} 11. exd4 {[%clk 1:13:29]} Bb7 {[%clk 1:05:33]} 12. Rb1
{[%clk 1:05:33]} Rc8 {[%clk 1:01:57]} 13. Qa4 {[%clk 1:03:23]} Nh5
{[%clk 0:53:55]} 14. Rfd1 {[%clk 1:01:51]} Nf4 {[%clk 0:48:33]} 15. Bf1
{[%clk 1:01:32]} Na5 {[%clk 0:45:04]} 16. Ne5 {[%clk 0:50:58]} Qe8
{[%clk 0:40:23]} 17. Qb4 {[%clk 0:29:38]} f6 {[%clk 0:27:20]} 18. Ng4
{[%clk 0:28:18]} f5 {[%clk 0:19:58]} 19. Ne5 {[%clk 0:28:13]} Ne6
{[%clk 0:15:33]} 20. Nd5 {[%clk 0:25:34]} Bxd5 {[%clk 0:13:26]} 21. cxd5
{[%clk 0:26:00]} Nf4 {[%clk 0:13:21]} 22. d6 {[%clk 0:24:33]} exd6
{[%clk 0:13:02]} 23. Qxd6 {[%clk 0:24:53]} Rd8 {[%clk 0:10:49]} 24. Qc7
{[%clk 0:22:01]} Nd5 {[%clk 0:09:54]} 25. Qc2 {[%clk 0:21:58]} Rc8
{[%clk 0:09:31]} 26. Qd2 {[%clk 0:22:04]} Qa4 {[%clk 0:07:53]} 27. a3
{[%clk 0:20:58]} Rc2 {[%clk 0:07:07]} 28. Qd3 {[%clk 0:20:43]} Rd8
{[%clk 0:05:56]} 29. Rdc1 {[%clk 0:19:41]} Rdc8 {[%clk 0:05:32]} 30. Rxc2
{[%clk 0:18:46]} Rxc2 {[%clk 0:05:49]} 31. Qf3 {[%clk 0:18:06]} Nc7
{[%clk 0:04:09]} 32. Qd1 {[%clk 0:17:32]} Qb3 {[%clk 0:03:43]} 33. Ba1
{[%clk 0:08:38]} Qa2 {[%clk 0:03:27]} 34. Rc1 {[%clk 0:08:51]} Rd2
{[%clk 0:02:19]} 35. Qa4 {[%clk 0:08:13]} Bxe5 {[%clk 0:00:54]} 36. dxe5
{[%clk 0:08:23]} Rxf2 {[%clk 0:00:37]} 37. Bd4 {[%clk 0:04:47]} Rf4
{[%clk 0:00:37]} 38. Rxc7 {[%clk 0:04:38]} Rxf1+ {[%clk 0:00:31]} 39. Kxf1
{[%clk 0:05:04]} Qb1+ {[%clk 0:00:56]} 40. Kf2 {[%clk 0:35:22]} 1-0